[Event "TUR-chT 2nd League"]
[Site "Konya"]
[Date "2018.07.18"]
[Round "4.12"]
[White "Ertas, Deniz"]
[Black "Bacak, Ahmet Yagiz"]
[Result "1/2-1/2"]
[WhiteElo "1762"]
[BlackElo "1827"]
[PlyCount "58"]
[EventDate "2018.07.16"]
[EventType "team-swiss"]
[EventRounds "9"]
[EventCountry "TUR"]
[SourceTitle "EXT 2019"]
[Source "ChessBase"]
[SourceDate "2018.10.10"]
[SourceVersion "1"]
[SourceVersionDate "2018.10.10"]
[SourceQuality "1"]
[WhiteTeam "Bursa Nida"]
[BlackTeam "Mersin Zeka"]
[WhiteTeamCountry "TUR"]
[BlackTeamCountry "TUR"]

1. e4 c6 2. Nc3 d5 3. Nf3 Bg4 4. exd5 cxd5 5. Bb5+ Nc6 6. h3 Bxf3 7. Qxf3 Nf6 8. 0-0 e6 9. d3 Bd6 10. Bg5 0-0 11. Bxc6 bxc6 12. Ne2 Rb8 13. Nd4 Rc8 14. Rfe1 Be7 15. c4 c5 16. Nb5 a6 17. Nc3 d4 18. Ne4 Nxe4 19. Bxe7 Qxe7 20. Rxe4 Rb8 21. Qe2 Qd6 22. h4 Rb6 23. Rb1 Rfb8 24. Kh1 Kh8 25. Kg1 Kg8 26. Kh1 Kh8 27. Kg1 Kg8 28. Kh1 Kh8 29. Kg1 Kg8 1/2-1/2

[Event "TUR-chT 2nd League"]
[Site "Konya"]
[Date "2017.07.22"]
[Round "8.11"]
[White "Ozturk, Omer Suhan"]
[Black "Bacak, Ahmet Yagiz"]
[Result "0-1"]
[WhiteElo "1674"]
[BlackElo "1859"]
[PlyCount "48"]
[EventDate "2017.07.17"]
[EventType "team-swiss"]
[EventRounds "9"]
[EventCountry "TUR"]
[SourceTitle "CBM 179 Extra"]
[Source "ChessBase"]
[SourceDate "2017.08.23"]
[SourceVersion "1"]
[SourceVersionDate "2017.08.23"]
[SourceQuality "1"]
[WhiteTeam "Corum Belediye"]
[BlackTeam "Mersin Zeka"]
[WhiteTeamCountry "TUR"]
[BlackTeamCountry "TUR"]

1. d4 Nf6 2. c4 e6 3. Nc3 d5 4. e3 Be7 5. Nf3 0-0 6. Be2 b6 7. 0-0 Bb7 8. b3 Nbd7 9. Bb2 Ne4 10. Nxe4 dxe4 11. Nd2 f5 12. Qc2 Bd6 13. a4 Qh4 14. g3 Qh3 15. Rfd1 f4 16. Bf1 Qg4 17. exf4 Rxf4 18. Re1 Raf8 19. Re2 h5 20. Bg2 Qxe2 21. gxf4 Bxf4 22. Bc3 e3 23. Bxb7 Qxf2+ 24. Kh1 Qxh2# 0-1